Normal view
MARC view
- Sivasubramanian K.
Entry Personal Name
001 - CONTROL NUMBER
- control field: 1024
003 - CONTROL NUMBER IDENTIFIER
- control field: OSt
005 - DATE AND TIME OF LATEST TRANSACTION
- control field: 20160719111340.0
008 - FIXED-LENGTH DATA ELEMENTS
- fixed length control field: 160719|| aca||aabn | a|a d
040 ## - CATALOGING SOURCE
- Original cataloging agency: OSt
- Transcribing agency: OSt
100 ## - HEADING--PERSONAL NAME
- Personal name: Sivasubramanian K.
670 ## - SOURCE DATA FOUND
- Source citation: Work cat.: (OSt): Balasubramanian R. 1022, Principles and Practices of Organic Farming, 2013
